| 000 | 00523nam a2200193 i 4500 | ||
|---|---|---|---|
| 001 | 51047 | ||
| 003 | ES-MaACL | ||
| 005 | 20230906162303.0 | ||
| 007 | t| | ||
| 008 | 030808s1969 sp a |||| | spa d | ||
| 100 | 1 |
_aCusa, Juan de. _942259 |
|
| 245 | 1 | 0 |
_aCalefación y climatización / _cpor Juan Cusa Ramos. |
| 250 | _a1ª ed. | ||
| 260 |
_aBarcelona : _bCeac, _c1969. |
||
| 300 |
_a176 p. : _bil. ; _c22 cm. |
||
| 650 | 4 |
_aCalefacción. _9155174 |
|
| 650 | 0 | 4 |
_aAire acondicionado. _99705 |
| 852 |
_aES-MaACL _jC-47405 |
||
| 999 |
_c51047 _d51047 |
||